00485nam a2200181Ia 4500003000400000008004100004040001600045082001700061100002600078245007800104260002000182300001000202650002300212650001500235650001200250650001900262650002200281GCL140319s9999 xx 000 0 eng d aGCL / cGCL04aCHb843bS L1 aSEGUR, LA COMTESSE DE10aLES DEUX NIGAUDS: D' APRES LA COMTESSE DE SEGUR / cSEGUR, LA COMTESSE DE a[S.N] : bHEMMA a156 P04aENGLISH LITERATURE04aLITERATURE04aFICTION04aFRENCH FICTION04aFRENCH LITERATURE